000
00253nam a2200109Ia 4500
008
190911s9999||||xx |||||||||||||| ||und||
100
_a
Mark, Dave
245
0
_a
Learn ++ On The PC
260
_a
New York
_b
Mc Graw Hill
_c
1994
300
_a
425
942
_c
BK
999
_c
6681
_d
6681